Manuel de littérature espagnole (Registro nro. 180160)

Detalles MARC
000 -ENCABEZADO
Número de control [NR] 00969 a2200265 4500
005 - FECHA Y HORA DE LA ÚLTIMA TRANSACCIÓN
control field 20170418074617.0
008 - DE LONGITUD FIJA DE DATOS DE ELEMENTOS - INFORMACIÓN GENERAL
Elementos de longitud fija [NR] 130916e2009 fr grn 001 0 spa d
020 ## - NUMERO INTERNACIONAL NORMALIZADO PARA LIBROS [R]
Número Internacional Normalizado del libro [NR] 9782011460462
040 ## - FUENTE DE CATALOGACION [NR]
Agencia de catalogación original [NR] CO-BoUCM
Idioma de catalogación [NR] spa
Quien Cataloga Jose A. Gerena (modificó)
Quien Clasifica Aldemar Mondragón
041 0# - CODIGO DE IDIOMA [R]
Código de idioma para texto/pista de sonido o título separado [R] Francés
100 1# - ASIENTO PRINCIPAL--NOMBRE PERSONAL [NR]
Nombre personal [NR] Dorange, Monica
ID Autoridad 44679
245 00 - MENCION DE TITULO [NR]
Título [NR] Manuel de littérature espagnole
Parte restante del título [NR] Du XIIe au XXIe siècle
260 ## - PUBLICACION, DISTRIBUCION, ETC. (PIE DE IMPRENTA) [R]
Fecha de publicación, distribución, etc. [R] 2009
Nombre del editor, distribuidor, etc. [R] Hachette Supérieur
Lugar de publicación, distribución, etc. [R] Paris
300 ## - DESCRIPCION FISICA [R]
Extensión [R] 399 páginas
Material acompañante [NR] 1 CD-ROM
490 ## - MENCION DE SERIE [R]
Mención de serie [R] Espagnol Littérature
504 ## - NOTA DE BIBLIOGRAFIA, ETC. [R]
Nota de bibliografía, etc. [NR] Incluye referencias bibliográficas e índices
650 #7 - ASIENTO SECUNDARIO DE MATERIA - TERMINO TEMATICO [R]
Término temático o nombre geográfico como elemento de entrada [NR] Literatura española
Subdivisión de forma [R] Manuales
9 (RLIN) 44680
650 #7 - ASIENTO SECUNDARIO DE MATERIA - TERMINO TEMATICO [R]
Término temático o nombre geográfico como elemento de entrada [NR] Literatura española
Subdivisión general [R] Historia
9 (RLIN) 44681
650 #7 - ASIENTO SECUNDARIO DE MATERIA - TERMINO TEMATICO [R]
Término temático o nombre geográfico como elemento de entrada [NR] Novela española
Subdivisión general [R] Historia
9 (RLIN) 35322
650 #7 - ASIENTO SECUNDARIO DE MATERIA - TERMINO TEMATICO [R]
Término temático o nombre geográfico como elemento de entrada [NR] Poesía española
Subdivisión general [R] Historia
9 (RLIN) 35323
690 ## - ASUNTO AGREGADO LOCAL DE ENTRADA - TÉRMINO TEMÁTICO (OCLC, RLIN)
Acceso temático local Literatura europea
9 (RLIN) 26524
690 ## - ASUNTO AGREGADO LOCAL DE ENTRADA - TÉRMINO TEMÁTICO (OCLC, RLIN)
Acceso temático local Literatura latinoamericana
9 (RLIN) 18700
942 ## - ELEMENTOS DE ENTRADA AGREGADOS (KOHA)
Tipo de ítem principal el descrito en 300a Libro
Tema principal Literatura
Edición 1
Parte restante de la signatura top. D693m
Sistema de clasificación DEWEY
Clasificación 860.03
Existencias
Signatura topográfica Código de barras Última vez visto Ejemplar Costo de reposición Price effective from Tipo de ítem Perdido Sistema de clasificación Dañado No prestable Tipo de ítem específico Suprimido Ubicación habitual Ubicación actual Localización Fecha de creación Proveedor Forma de adquisición Costo Total préstamos Volúmen / Fascículo
860.03 D693m 100135948 09/12/2025 Ej.1 101500.00 27/08/2013 Libro   DEWEY     Libro   Claustro Claustro 2do piso 27/08/2013 15 Compra 72800.00    
860.03 D693m 100135949 10/12/2024 Ej.1   27/08/2013 Multimedia   DEWEY     CD-Rom   Claustro Claustro Colección digital 27/08/2013   Compra     CD-ROM